Kuuluisat suomalaiset - kuvavisa #7 - Statistics

Yleistilastot
  • Tätä visaa on pelattu 707 kertaa
  • Keskiarvotulos 7 / 12
Vastaustilastot
Kuvavisa Vastaus % Oikein
Hjallis Harkimo
97%
Jenni Vartiainen
77%
Kalle Palander
75%
Jasper Pääkkönen
74%
Aira Samulin
69%
Jani Toivola
68%
Lenita Airisto
64%
Arja Koriseva
63%
Kirka Babitzin
49%
Marita Taavitsainen
46%
Jorma Ollila
34%
Kristiina Halkola
19%
Ehtoja vastaavia visoja ei löytynyt
Tulosjakauma
Jokaisen tuloksen saaneiden osuus
Persentiili vastausten määrän mukaan
Tuloshistoriasi
Et ole pelannut tätä visaa